000 00527ntaaa2200193 4500
003 01
005 20251027201029.0
008 0714s1973 ag 01
040 _aAR-BaBN
_bspa
_cAR-BaBN
_eaacr
_dRIC
082 _a150.198 Od2g
100 _aOden, Thomas C.
245 _aGame free: a guide to the meaning of intimacy /
_cThomas C. Oden
250 _a1 ed.
300 _a163 p.
500 _ael análisis trans-accional en psicología
650 _aPsicoanalisis
_92743
650 _aAnalisis Transaccional
_97569
942 _cBK
999 _c4430
_d4430